Normal view
MARC view
Entry Corporate Name
001 - CONTROL NUMBER
- control field: 3910
003 - CONTROL NUMBER IDENTIFIER
- control field: OSt
005 - DATE AND TIME OF LATEST TRANSACTION
- control field: 20110510135013.0
008 - FIXED-LENGTH DATA ELEMENTS
- fixed length control field: 110510|||a|||||| | ||| d
040 ## - CATALOGING SOURCE
- Original cataloging agency: OSt
- Transcribing agency: OSt
110 ## - HEADING--CORPORATE NAME
- Corporate name or jurisdiction name as entry element: Great Britain.
- Subordinate unit: Parliament.
- Subordinate unit: House of Lords.
670 ## - SOURCE DATA FOUND
- Source citation: Work cat.: (OSt)1733: The Law reports English and Irish appeal cases 1874 - 75 Vol. 7, 1973
